000 00567nam a22002057a 4500
003 OSt
005 20140310181708.0
008 121205t xxu||||| |||| 00| 0 eng d
020 _a9715424481
050 _aFIL
_bR33tu 2004
082 _aR33tu 2004
245 _aTutubi, tutubi, 'wag kang magpahuli sa mamang salbahe
_cReyes, Jun Cruz.
260 _aQuezon City : ,
_bUniversity of the Philippines Press
_cc2004.
300 _a212 p. ;
_c20 cm.
521 _aGrade 7
526 _c880L-960L
541 _j1
562 _e1
942 _2lcc
_cBK-FIL
_kFIL
999 _c1441
_d1441